NFL most passing yards - Statistics

General Stats
  • This quiz has been taken 42 times
  • The average score is 8 of 10
Answer Stats
# of yards Player % Correct
89,214 Tom Brady
100%
71,940 Peyton Manning
92%
80,358 Drew Brees
87%
60,718 Aaron Rodgers
84%
71,838 Brett Favre
79%
61,361 Dan Marino
79%
64,088 Ben Roethlisberger
71%
63,440 Philip Rivers
63%
62,792 Matt Ryan
61%
57,717 Matthew Stafford
45%
No matching quizzes found
Score Distribution
Percent of People with Each Score
Percentile by Number Answered
Your Score History
You have not taken this quiz